Regions of Spain by Picture - Statistics

General Stats
  • This quiz has been taken 19 times
  • The average score is 12 of 19
Answer Stats
Picture Answer % Correct
Community of Madrid
100%
Valencian Community
85%
Andalusia
77%
Catalonia
77%
Castilla–La Mancha
69%
Galicia
69%
Asturias
62%
Balearic Islands
62%
Cantabria
62%
Castile and León
62%
Extremadura
62%
Region of Murcia
62%
Basque Country
54%
Navarre
54%
Aragon
46%
Canary Islands
46%
Ceuta
46%
La Rioja
46%
Melilla
46%
No matching quizzes found
Score Distribution
Percent of People with Each Score
Percentile by Number Answered
Your Score History
You have not taken this quiz